000 00320nam a2200133Ia 4500
008 240624s9999 xx 000 0 und d
041 _aeng
082 _a823 CHO
100 _aCHOPRA DEEPAK
245 _aDAUGHTERS OF JOY
260 _c2012
_aAustralia
_bHay House India
300 _a237p. : cm. ; 22
365 _cRS
_b25
999 _c19871
_d19871